000 00956nam a2200277Ia 4500
003 OSt
005 20220918171415.0
006 a|||||r|||| 00| 0
007 ta
008 220917b |||||||| |||| 00| 0 eng d
020 _a9781780935690 (pbk)
_c2264.53
024 _a281,310
037 _b40527, 07/03/2014, Segment Book Distributors
_cTextual
040 _aARTS
_cARTS
_beng
041 _2eng
_aeng
082 _aV683:19.P1, Q3
100 _aLeonard Emma Ed.
_936427
245 0 _aGlobalizing somalia
_b Multilateral international and transnational repercussions of conflict
260 _aNew York
_bBloomsbury U.S.A
_c2013
300 _axviii, 321p.
_ccm.
490 _aNew dirctions in terrorism studies
650 _aHISTORY
700 _a Ramsay Gilbert Ed.
_936428
942 _hV683:19.P1, Q3
_cTEXL
_2CC
999 _c139462
_d139462